| 000 | 00551nam a2200169 a 4500 | ||
|---|---|---|---|
| 005 | 20140310183458.0 | ||
| 008 | 091203s19uu xx 00 eng d | ||
| 020 | _a9781593856977 | ||
| 050 |
_aLB 1027.55 _b.P72 2010 |
||
| 245 |
_aPractical handbook of school Psychology : _beffective practices for 21st century. _cedited by Gretchen Gimpel Peacock. |
||
| 260 |
_aNew York : _bThe Guilford Press, _c2010. |
||
| 300 |
_a626 p. : _c27 cm. |
||
| 521 | _aPSYCH | ||
| 650 |
_aSchool Psychology _xUnited States. |
||
| 942 |
_cBK _2lcc _kFOR |
||
| 999 |
_c23773 _d23773 |
||